| 000 | 01959nam a22001937a 4500 | ||
|---|---|---|---|
| 003 | OSt | ||
| 005 | 20220107122808.0 | ||
| 008 | 160302b xxu||||| |||| 00| 0 eng d | ||
| 040 | _c | ||
| 100 |
_aShilpa V S (92213013) _98358 |
||
| 245 | _aDevelopment of an expert system for satellite based mudbank studies using matlab | ||
| 502 |
_bMaster of Science in Computational Science _c2013-2015 _dEXT _eT.K Manoj Kumar _fL. Sheela Nair (Scientist E) _g"National Centre for Earth Science Studies (NCESS), Thiruvananthapuram" |
||
| 520 | _aMudbanks, locally called Chakara or zones of biorhythm (Balchand et aI., 1987) are those areas of sea adjoining the coast, which have a special property of dampening the waves resulting in clearly demarcated areas of calm turbid waters during the roughest monsoon period. The main attraction of the mudbank is the excellent fisheries potential they offer to the fishing industry. The mudbanks of Kerala have a significant impact on the socio economic life especially of the coastal community as this phenomenon is usually associated with very high biological productivity and increased fish catch. The technical importance of mudbanks in coastal engineering is that, it influences the shoreline dynamics. Also, they protect the coast from severe erosion. So, it is important for the researchers to study and acquire more knowledge regarding the mudbanks. This study mainly focuses on the developing an expert system in MATLAB, which can be used for the identification of the mudbank locations along the Kerala coast using satellite images and measuring its sizes. In this study, the image processing application of MATLAB is used. The mudbanks were identified using satellite images of MODIS Aqua obtained from NASA/GSFC website. | ||
| 650 |
_aINFORMATION SYSTEMS _98359 |
||
| 650 |
_aINFORMATION SYSTEMS APPLICATIONS _98360 |
||
| 650 |
_aDECISION SUPPORT SYSTEMS _98361 |
||
| 650 |
_aEXPERT SYSTEMS _98362 |
||
| 942 |
_2ddc _cPR |
||
| 999 |
_c4948 _d4948 |
||